Home grown

Bibliographic Details
Main Author: De Saulles, Denys
Format: Book
Published: London : Mayna Books , 1993
Subjects:

MARC

LEADER 00000cam a2200000 7i4500
001 0000004468
002 000004811
005 20000330.0
020 |a 1854224794 
090 0 0 |a 635   |b DES 
100 0 |a De Saulles, Denys 
245 1 0 |a Home grown   |c Denys De Saulles ; foreword by Sara Midda 
260 |a London :   |b Mayna Books ,   |c 1993 
300 |a 240p. ;   |c 28cm. 
650 0 0 |a Cookery (Vegetables) 
650 0 0 |a Vegetable gardening 
999 |a 032721   |b BUKU   |c PINJAMAN   |e PERPUSTAKAAN KOMUNITI PETALING JAYA